000 00966nac a22002657a 4500
001 BR8007656
003 BR-BrBNA
005 20240105114848.0
008 230509b bl.|||m| |||| 00| 0 por d
040 _aBR-BrBNA
_bpor
_cBiblioteca Nacional de Agricultura
072 _aL01
090 _a5213 BR8007656
110 1 _aComissao Estadual de Planejamento Agricola de Minas Gerais, Belo Horizonte (Brasil)
_92031
245 1 _aAcompanhamento conjuntural sub-setor pecuaria [Comissao Estadual de Planejamento Agricola de Minas Gerais]
260 3 _aBelo Horizonte, MG (Brasil):
_c1980.
300 _a22 p.
490 _aAcompanhamento Conjuntural Sub-Setor Pecuaria - Comissao Estadual de Planejamento Agricola de Minas Gerais (Brazil)
_vv. 1(1)
_x
650 _aPECUARIA DE CORTE
650 _aABATE
650 _aMANEJO
650 _aNUTRICAO ANIMAL
650 _aMINAS GERAIS
909 _a202312
_bLúcia Elande
_c55
_dLúcia Elande
942 _2AGRIS
_n0
_cMS
999 _c271728
_d271728